LEADER 00959nam a2200241 i 4500 001 000000214423 003 CaOOAMICUS 005 20120718000000.0 008 120718s2012 it u000 u ita u 013 $a193294 040 $aSeMil$bita 100 1 $aMerini, Alda,$d<1931-2009>.$0(OLS)http://semarc/name/47327 245 13$aIl canto ferito /$cAlda Merini ; a cura di Nicola Crocetti. 260 $aMilano :$bCorriere della Sera,$c2012. 300 $a230 p. :$b1 ritratto ;$c18 cm. 490 0 $aUn secolo di poesia ;$v6 700 1 $aCrocetti, Nicola.$0(OLS)http://semarc/name/5891 830 3$aUn secolo di poesia ;$v6.$0(OLS)http://semarc/title/16358 850 $aSeMil 852 $aSeMil$W1$xVenegono$y1$m1A I 19$j164845$B164845$CSeMilBibl$Z2$F187589 $81 961 $aOmaggio: Martinelli don Romano 996 $6245$aIl canto ferito$9(OLS)http://semarc/title/308918 996 $6260$aMilano :$bCorriere della Sera$9(OLS)http://semarc/publisher/33390 LEADER 00936nam a2200229 i 4500 001 000000104766 003 CaOOAMICUS 005 20121211000000.0 008 121211s1942 it u000 u ita u 013 $a76955 040 $aSeMil$bita 245 10$a1940. 260 $aMilano :$bGualdoni,$c1942. 300 $a322 p. 650 4$aMilano (Arcidiocesi) - Visite pastorali.$0(OLS)http://semarc/subject/186 650 4$aSchuster, Alfredo Ildefonso - Visiste pastorali.$0(OLS)http://semarc/subject/4474 700 1 $aSchuster, Alfredo Ildefonso,$c.$0(OLS)http://semarc/name/89146 773 0 $tOdoporicon.$dMilano : Enrico Gualdoni, 1939.$g2$w()27816 850 $aSeMil 852 $aSeMil$W1$xVenegono$y1$m3O IV 102$j61066$B61066$CSeMilBibl$Z2$F70423 $81 996 $6245$a1940$9(OLS)http://semarc/title/151771 996 $6260$aMilano :$bGualdoni$9(OLS)http://semarc/publisher/44746